A Theology of christian counseling : (Record no. 9716)

MARC details
000 -LEADER
fixed length control field 00706cam a22002172 4500
001 - CONTROL NUMBER
control field 0000021546
005 - DATE AND TIME OF LATEST TRANSACTION
control field 20151217152235.0
008 - FIXED-LENGTH DATA ELEMENTS--GENERAL INFORMATION
fixed length control field 120719s xx 000 0 eng d
020 ## - INTERNATIONAL STANDARD BOOK NUMBER
International Standard Book Number 0310511011
040 ## - CATALOGING SOURCE
Original cataloging agency KABU
Transcribing agency KABU
050 #0 - LIBRARY OF CONGRESS CALL NUMBER
Classification number BV4012.2
Item number .A33 1979
100 1# - MAIN ENTRY--PERSONAL NAME
Personal name Adams, Jay E.
-- 0000149655
245 12 - TITLE STATEMENT
Title A Theology of christian counseling :
Remainder of title more than redemption /
Statement of responsibility, etc. Jay E. Adams.
260 ## - PUBLICATION, DISTRIBUTION, ETC. (IMPRINT)
Place of publication, distribution, etc. Grand Rapids, Michigan :
Name of publisher, distributor, etc. Zondervan,
Date of publication, distribution, etc. 1979.
300 ## - PHYSICAL DESCRIPTION
Extent xiv, 338 p.
650 #0 - SUBJECT ADDED ENTRY--TOPICAL TERM
Topical term or geographic name as entry element Pastoral counseling.
-- 0000149278
852 1# - LOCATION
-- p850 KES
852 1# - LOCATION
-- p850 KES
908 ## - PUT COMMAND PARAMETER (RLIN)
Put command parameter 120719
950 ## - LOCAL HOLDINGS (RLIN)
-- 1
Holdings
Withdrawn status Lost status Source of classification or shelving scheme Not for loan Home library Current library Date acquired Total Checkouts Total Renewals Full call number Barcode Date last seen Date last checked out Price effective from Koha item type Cost, normal purchase price Inventory number Copy number
    Library of Congress Classification   Kabarak, Main Campus Kabarak, Main Campus 17/12/2015 2 1 BV4012.2 .A33 1979 c. 1 013500 01/12/2023 30/10/2023 17/12/2015 General Collection      
    Library of Congress Classification   Kabarak, Main Campus Kabarak, Main Campus 17/12/2015     BV4012.2 .A33 1979 c. 2 014678 17/12/2015   17/12/2015 General Collection      
    Library of Congress Classification   Kabarak, Main Campus Kabarak, Main Campus 17/12/2015     BV4012.2 .A33 1979 c. 3 032071 29/09/2022   17/12/2015 General Collection 2000.00 0576/2022 C.3
Designed with assistance from East African Informatics Ltd